Pripomíname si ... (60. výročie smrti zakladateľa slovenskej bibliografie Ľudovíta Vladimíra Riznera

Bibliographic Details
Format: Article
Language:Slovak
Subjects:

MARC

LEADER 00000nab a2200000 ar4500
001 vtls010068638
003 SK-MaSNL
005 20260304212252.0
008 100224c19731006xo dr|n|||||||000 b|slo
015 |a SNBRB2010/02  |2 snkbucl 
038 |a SNKBUCL 
040 |a SNKBUCL  |b slo  |c SNKBUCL  |e AACR2 
041 0 |a slo 
044 |a xo  |c SK 
080 |a 01-051  |2 1997 
080 |a 929 Rizner, Ľudovít Vladimír  |2 1997 
245 0 0 |a Pripomíname si ...  |b (60. výročie smrti zakladateľa slovenskej bibliografie Ľudovíta Vladimíra Riznera  |c [autor] -ik- 
600 1 7 |a Rizner, Ľudovít Vladimír,  |d 1849-1913  |2 snkbucl  |9 114879 
650 0 7 |a bibliografia  |2 snkbucl  |9 24254 
655 7 |a profily  |2 snkbucl  |9 341977 
773 0 |t Ľud  |g (6.10.1973), s. 5 
852 |a SNK  |b KIS3GCP 
958 |a KL 
958 |a BX 
999 |c 3130713  |d 3132643